NFL 2026 Rosters #7 - Statistics

General Stats
  • This quiz has been taken 32 times
  • The average score is 24 of 25
Answer Stats
Question Tile Select % Correct
Lions 2026 Roster Aaron Rodgers No
100%
Lions 2026 Roster Aidan Hutchinson Yes
100%
Lions 2026 Roster Amon-Ra St. Brown Yes
100%
Lions 2026 Roster Brandon Aiyuk No
100%
Lions 2026 Roster Issac TeSlaa Yes
100%
Lions 2026 Roster Jahmyr Gibbs Yes
100%
Lions 2026 Roster Jalen McMillan No
100%
Lions 2026 Roster Jared Goff Yes
100%
Lions 2026 Roster Jayden Daniels No
100%
Lions 2026 Roster Jeremiyah Love No
100%
Lions 2026 Roster Jordan Mason No
100%
Lions 2026 Roster Kyle Hamilton No
100%
Lions 2026 Roster Lamar Jackson No
100%
Lions 2026 Roster Makai Lemon No
100%
Lions 2026 Roster Mark Andrews No
100%
Lions 2026 Roster Maxx Crosby No
100%
Lions 2026 Roster Rueben Bain Jr No
100%
Lions 2026 Roster Sam LaPorta Yes
100%
Lions 2026 Roster Tyler Huntley No
100%
Lions 2026 Roster Ed Ingram No
96%
Lions 2026 Roster Jake Bates Yes
96%
Lions 2026 Roster Jameson Williams Yes
96%
Lions 2026 Roster Spencer Rattler No
96%
Lions 2026 Roster Jack Campbell Yes
93%
Lions 2026 Roster Isiah Pacheco Yes
64%
No matching quizzes found
Score Distribution
Percent of People with Each Score
Percentile by Number Answered
Your Score History
You have not taken this quiz